000 01151nam a2200373 a 4500
001 000110169
003 CHAP
005 20220329144120.0
008 140729s2014 it abj |r| ||||||eng d
010 _a106631
011 _a107603
020 _a9789251071854
040 _cCHAP
082 0 4 _a634.91
_bP82y
245 1 0 _aPoplars and willows :
_btrees for society and the environment /
_ceditado por J.G. Isebrands and J. Richardson. c.
260 _aRoma :
_bFAO,
_cc2014.
300 _axvi, 634 p. :
_bil., maps., tabs.,.
504 _aIncluye referencias bibliográficas e índice
590 _aE5995AHE
_b05
_c20140729
_lUCH01
_h1012
590 _aE5995AHE
_b05
_c20140729
_lUCH01
_h1020
650 1 4 _aÁrboles
_xEnfermedades.
_982436
650 1 4 _aÁrboles
_xMejoramiento.
_96622
650 1 4 _aÁrboles
_xPlagas.
_982440
650 1 4 _aBosques.
_914002
650 1 4 _aDesarrollo forestal.
_932059
650 1 4 _aPopulus.
_990917
650 1 4 _aSauce.
_9102710
650 1 4 _aSilvicultura.
_9106109
700 1 _aIsebrands, J. G.
_e, ed.
_9127596
700 1 _aRichardson, J.
_e, ed.
_9127597
901 _aBK
942 _cLIBRO
942 _n0
999 _c106631
_d106631